Linkin Park- A Thousand Suns - Statistics

General Stats
  • This quiz has been taken 34 times
  • The average score is 12 of 15
Answer Stats
Hint Answer % Correct
03 Burning in the Skies
93%
14 The Catalyst
93%
08 Waiting for the End
93%
12 Iridescent
89%
05 When They Come for Me
89%
07 Jornada del Muerto
86%
06 Robot Boy
86%
15 The Messenger
86%
10 Wretches and Kings
86%
09 Blackout
82%
01 The Requiem
79%
02 The Radiance
75%
11 Wisdom, Justice, and Love
75%
04 Empty Spaces
68%
13 Fallout
61%
No matching quizzes found
Score Distribution
Percent of People with Each Score
Percentile by Number Answered
Your Score History
You have not taken this quiz